| 000 | 00464pab a2200169 454500 | ||
|---|---|---|---|
| 008 | 180718b2008 xxu||||| |||| 00| 0 eng d | ||
| 100 | _aGruber, Jonathan | ||
| 245 | _aThe church versus the mall: what happens when religion faces increased secular competition? | ||
| 260 | _c2008 | ||
| 300 | _ap.831-62. | ||
| 362 | _aMay | ||
| 650 | _aReligion | ||
| 700 | _aHungerman, Daniel M. | ||
| 773 | _aQuarterly Journal of Economics | ||
| 908 | _aN | ||
| 909 | _a78302 | ||
| 999 |
_c78302 _d78302 |
||